| Tag |
First Indicator |
Second Indicator |
Subfields |
| LEADER |
00000cam a2200000 a 4500 |
| 001 |
in00000926898 |
| 005 |
20150924202348.0 |
| 008 |
900430s1989 gau f00010 eng d |
| 010 |
|
|
|a gp 90014062
|
| 035 |
|
|
|a (OCoLC)21454339
|
| 035 |
|
|
|9 AEQ8805AM
|
| 040 |
|
|
|a IAD
|c IAD
|d GPO
|d UtOrBLW
|
| 043 |
|
|
|a n-usu--
|a ls-----
|
| 074 |
|
|
|a 82-A-5
|
| 086 |
0 |
|
|a A 13.105/2:R 8-MB 37
|
| 100 |
1 |
|
|a Sims, Daniel H.
|
| 245 |
1 |
0 |
|a Reclaiming forested bottomlands in the South through the Conservation Reserve Program /
|c by Daniel H. Sims.
|
| 264 |
|
1 |
|a Atlanta, Ga. :
|b USDA Forest Service, Southern Region,
|c [1989]
|
| 300 |
|
|
|a 2 unnumbered pages ;
|c 28 cm.
|
| 336 |
|
|
|a text
|b txt
|2 rdacontent
|
| 337 |
|
|
|a unmediated
|b n
|2 rdamedia
|
| 338 |
|
|
|a volume
|b nc
|2 rdacarrier
|
| 490 |
1 |
|
|a Forest management bulletin
|
| 490 |
1 |
|
|a Management bulletin R8 ;
|v MB 37
|
| 500 |
|
|
|a Caption title.
|
| 500 |
|
|
|a Shipping list number: 89-527-P.
|
| 500 |
|
|
|a "June 1989."
|
| 610 |
2 |
0 |
|a Conservation Reserve Program (U.S.)
|
| 650 |
|
0 |
|a Reclamation of land
|z Southern States.
|
| 650 |
|
0 |
|a Reclamation of land
|z South Atlantic States.
|
| 650 |
|
0 |
|a Forest reserves
|z Southern States.
|
| 650 |
|
0 |
|a Forest reserves
|z South Atlantic States.
|
| 710 |
1 |
|
|a United States.
|b Forest Service.
|b Southern Region.
|
| 830 |
|
0 |
|a Forest management bulletin.
|
| 830 |
|
0 |
|a Management bulletin R8 ;
|v MB 37.
|
| 999 |
|
|
|a MARS
|
| 999 |
f |
f |
|s 29412721-84fe-3c46-b365-0dfbe08d88e4
|i 9beef29e-537e-3a44-9fe9-31c05e4a238c
|t 0
|
| 952 |
f |
f |
|p normal
|a Texas A&M University
|b College Station
|c Sterling C. Evans Library
|d Evans: US Documents (Annex 5th floor)
|t 0
|e A 13.105/2:R 8-MB 37
|h Superintendent of Documents classification
|i unmediated -- volume
|m A14814607798
|
| 998 |
f |
f |
|a A 13.105/2:R 8-MB 37
|t 0
|l Evans: US Documents (Annex 5th floor)
|